00488nam a2200193 a 4500001001300000003000900013005001700022008004100039020001000080082001600090100002000106245002500126260003300151300000900184500003500193505002700228650001900255700002000274nice12345678IN_TiNIC20260116011331.0050524s1930 egya grp 000 0 ara  ac10000a892.73bLAR aLarent, Charles aQasas Man Shakespear aEgyptbMaktaba-E-ilmiac1930 a146p aincludes index and biblioraphy2 a3 vols. bound together aArabic-Fiction1 aLarent, Charles